Central Library and Information Centre
Sibsagar Girls' College, Sivasagar : Assam

MEGHA MALLAR মেঘমল্লাৰ (Record no. 29565)

MARC details
000 -LEADER
fixed length control field 00380nam a22001457a 4500
005 - DATE AND TIME OF LATEST TRANSACTION
control field 20231106114420.0
008 - FIXED-LENGTH DATA ELEMENTS--GENERAL INFORMATION
fixed length control field 230617b ||||| |||| 00| 0 eng d
040 ## - CATALOGING SOURCE
Transcribing agency
245 ## - TITLE STATEMENT
Title MEGHA MALLAR মেঘমল্লাৰ
250 ## - EDITION STATEMENT
Edition statement 1ST
260 ## - PUBLICATION, DISTRIBUTION, ETC.
Place of publication, distribution, etc. JORHAT
Name of publisher, distributor, etc. SAHITYA SEWI SORA
Date of publication, distribution, etc. 1956
300 ## - PHYSICAL DESCRIPTION
Extent 164 P.;
Other physical details PB
Dimensions 20CM
700 ## - ADDED ENTRY--PERSONAL NAME
Personal name BORDOLOI, HEMANTA
Relator term AUTHOR
942 ## - ADDED ENTRY ELEMENTS (KOHA)
Source of classification or shelving scheme Dewey Decimal Classification
Koha item type Books
Holdings
Withdrawn status Lost status Source of classification or shelving scheme Damaged status Not for loan Collection code Home library Current library Shelving location Date acquired Barcode Date last seen Price effective from Koha item type Public note
    Dewey Decimal Classification     REFASM Central Library and Information Centre Sibsagar Girls College Central Library and Information Centre Sibsagar Girls College BBLMC 18.02.2022 45020 17.06.2023 17.06.2023 Books Donated by B.Borkotoky Family


Sibsagar Girl's College © 2020. All rights reserved.
Powered by Koha.
Maintained by Abhijit Borpuzari.